Uganda : (Record no. 197)

MARC details
000 -LEADER
fixed length control field 00878nam a2200253 a 4500
003 - CONTROL NUMBER IDENTIFIER
control field OSt
005 - DATE AND TIME OF LATEST TRANSACTION
control field 20171028110433.0
008 - FIXED-LENGTH DATA ELEMENTS--GENERAL INFORMATION
fixed length control field 000306s1998 ug b 000 0 eng c
020 ## - INTERNATIONAL STANDARD BOOK NUMBER
Cancelled/invalid ISBN 99709012107 (pbk.)
040 ## - CATALOGING SOURCE
Original cataloging agency LDCLIB
Transcribing agency LDCLIB
082 04 - DEWEY DECIMAL CLASSIFICATION NUMBER
Classification number 342.029
Edition number 22
Item number UGA
245 10 - TITLE STATEMENT
Title Uganda :
Statement of responsibility, etc edited by Peter Mukidi Walubiri /
Remainder of title constitutionalism at cross roads
260 ## - PUBLICATION, DISTRIBUTION, ETC. (IMPRINT)
Place of publication, distribution, etc Kampala :
Name of publisher, distributor, etc Uganda Law Watch,
Date of publication, distribution, etc c1998.
300 ## - PHYSICAL DESCRIPTION
Extent ix, 359 p. ;
Dimensions 21 cm.
540 ## - TERMS GOVERNING USE AND REPRODUCTION NOTE
Terms governing use and reproduction Includes bibliographical references.
600 10 - SUBJECT ADDED ENTRY--PERSONAL NAME
Personal name Lezama Lima, José.
Title of a work Selections.
Date of a work 2000.
9 (RLIN) 579
610 10 - SUBJECT ADDED ENTRY--CORPORATE NAME
Corporate name or jurisdiction name as entry element Uganda.
Title of a work Constitution (1995)
9 (RLIN) 580
650 #0 - SUBJECT ADDED ENTRY--TOPICAL TERM
Topical term or geographic name as entry element Constitutional law
Geographic subdivision Uganda.
9 (RLIN) 581
650 #0 - SUBJECT ADDED ENTRY--TOPICAL TERM
Topical term or geographic name as entry element Law
Geographic subdivision Uganda.
9 (RLIN) 582
650 #0 - SUBJECT ADDED ENTRY--TOPICAL TERM
Topical term or geographic name as entry element Representative government and representation
Geographic subdivision Uganda.
9 (RLIN) 583
651 #0 - SUBJECT ADDED ENTRY--GEOGRAPHIC NAME
Geographic name Uganda
General subdivision Politics and government.
9 (RLIN) 584
700 1# - ADDED ENTRY--PERSONAL NAME
Personal name Walubiri, Peter Mukidi.
9 (RLIN) 586
942 ## - ADDED ENTRY ELEMENTS (KOHA)
Source of classification or shelving scheme Dewey Decimal Classification
Koha item type Books
Holdings
Withdrawn status Lost status Source of classification or shelving scheme Damaged status Not for loan Home library Current library Shelving location Date acquired Total Checkouts Full call number Barcode Date last seen Price effective from Koha item type
    Dewey Decimal Classification     Law Development Centre Main Library Law Development Centre Main Library Text Books and Laws 04/09/2011   342.029 UGA 99/074 04/09/2011 04/09/2011 Books
    Dewey Decimal Classification     Law Development Centre Main Library Law Development Centre Main Library Text Books and Laws 04/09/2011   342.029 UGA 99/075 04/09/2011 04/09/2011 Books
    Dewey Decimal Classification     Law Development Centre Main Library Law Development Centre Main Library Text Books and Laws 01/06/2012   342.029 UGA 3311/2012 01/06/2012 01/06/2012 Books
          Law Development Centre Main Library Law Development Centre Main Library Text Books and Laws 10/28/2017   342.029 UGA 99/076 10/28/2017 10/28/2017 Books